Hodnotenie kvality služieb cestovných kancelárií vo vybranom regióne bakalárska práca

Guardado en:
Detalles Bibliográficos
Autor principal: Dobiašová, Simona
Autor Corporativo: Obchodná fakulta EU. Katedra cestovného ruchu
Otros Autores: Pospíšilová, Vanesa, 1998-
Formato: Libro
Lenguaje:eslovaco
Publicado: Bratislava 2025
Etiquetas: Agregar Etiqueta
Sin Etiquetas, Sea el primero en etiquetar este registro!

MARC

LEADER 00000nbm a2200000 4500
001 0311150
005 20251112124632.8
041 0 |a slo 
044 |a SK 
245 1 0 |a Hodnotenie kvality služieb cestovných kancelárií vo vybranom regióne  |b bakalárska práca  |c Simona Dobiašová ; školiteľ: Vanesa Pospíšilová 
264 1 |a Bratislava  |c 2025 
300 |a 51 s. 
100 1 |a Dobiašová, Simona 
700 1 |a Pospíšilová, Vanesa, 1998- 
710 2 |a Obchodná fakulta EU. Katedra cestovného ruchu